000 00466nam a2200169Ia 4500
003 GCL
008 140319s9999 xx 000 0 eng d
040 _aGCL /
_cGCL
082 0 4 _a792.094316
_bY T
100 1 _aGATES, W.E
245 1 0 _aTHEATRE IN VIENNA A CRITICAL HISTORY, 1776 - 1995 /
_cGATES, W.E
260 _a[S.N] :
_bCAMBRIDGE UNIVERSITY PRESS ،
_c1996
300 _a328 P
650 0 4 _aARTS
650 0 4 _aTHEATER - AUSTRIA - HISTORY
942 _2ddc
_cBK
999 _c14187
_d14187